Un pt'tit truc en peluche - Statistiques

Statistiques générales
  • Ce quiz a été pris 1 225 fois
  • Le résultat moyen est 6 sur 12
Answers on the Grid
Answers color-coded by a green-red scale on the quiz's grid according to % correct below.
Ours
Chien de prairie
Panda
Ragondin
Chat
Tamanoir
mammouth
Eléphant
Paresseux
Lamantin
Pingouin
Renard
Lapin
Souris
Licorne
Taupe
Lion
Rat
Kangourou
Porc-épic
 
Statistiques - réponses
Réponse % Correct
Ours
93%
Lapin
72%
Panda
71%
Chat
70%
Lion
52%
Eléphant
50%
Licorne
49%
Renard
49%
Pingouin
48%
Kangourou
27%
Paresseux
20%
mammouth
15%
Aucun quiz correspondant
Distribution des résultats
% des personnes avec chaque résultat
Percentile par nombre de réponses
Votre historique - résultats
Vous n’avez pas pris ce quiz